000 00967nam a2200241 i 4500
001 45377
003 ES-MaACL
005 20251013210529.0
007 t|
008 030325s1958 sp ||||1| spa d
111 2 _aRencontres Internationales de Gèneve (
_n3º.
_d1948)
_9944
245 1 0 _aColoquios sobre arte contemporáneo
_b: Rencontres Internacionales de Genève, 1948 /
_cpresentación de G. Torrente Ballester ; [traducción de G. Torrente Malvido] J. Cassou... [et.
260 _aMadrid :
_bGuadarrama,
_c[1958]
300 _a427 p. ;
_c19 cm.
490 1 _aGuadarrama de crítica y ensayo ;
_v14
650 0 4 _aArte-
_yS.XX-
_vCongresos y Asambleas.
_910138
700 1 _aTorrente Ballester, Gonzalo,
_d1910-1999
_9110850
700 1 _aTorrente Malvido, Gonzalo.
_9110855
700 0 _aCassou, Jean,
_d1897-1986
_936378
830 0 _aGuadarrama de crítica y ensayo ;
_v14
_9182728
852 _aES-MaACL
_jC-15680
999 _c45377
_d45377